Human Organization

محفوظ في:

التنسيق: دورية

اللغة: Undetermined

منشور في: JSTOR
Society for Applied Anthropology

الموضوعات:

الوصول للمادة أونلاين: Login to view Source

الوسوم: إضافة وسم

لا توجد وسوم, كن أول من يضع وسما على هذه التسجيلة!

رقم الطلب:

LEADER 00507nas a2200169Ia 4500
008 220214c99999999xx |||||||||||| ||und||
022 |a 0018-7259 
022 |a 1938-3525 
245 0 0 |a Human Organization 
264 1 |b JSTOR 
264 1 |b Society for Applied Anthropology 
362 0 |a Vol. 8(1949)-74 (2015) 
653 1 0 |a Social Sciences 
856 4 0 |u https://www.jstor.org/journal/humaorga 
942 |c JL 
952 |0 0  |1 0  |4 0  |7 1  |9 35215  |a JSR  |b JSR  |d 2022-02-14  |l 0  |r 2022-02-14 00:00:00  |w 2022-02-14  |y JL 
999 |c 43548  |d 43548